=LDR 00000nam 2200000 4500 =001 INLIS000000000027480 =005 20130612125843 =008 ***********************************ind** =035 ##$$0010-061300000027480 =041 ##$$a ind =082 ##$$a 923.209 59 8 =090 ##$$a 923.209 59 8, Ani s =100 ##$$a Aning s,Floriberta =245 ##$$a 100 tokoh yang mengubah Indonesia:Bografi singkat seratus tokoh paling berpengaruh dalam sejarah Indonesia di abad 20, Floliberta Aning s;Penyunting,Bernard siagian =260 ##$$a 2005 $b Tangerang =300 ##$$a xvi,288, 19 cm =650 ##$$a Biografi-Tokoh politik Indonesia =700 ##$$a Siagian,Bernard =850 ##$$a NBPNMAT